tourist that visit canada the most - Statistics

General Stats
  • This quiz has been taken 28 times
  • The average score is 9 of 10
Answer Stats
Hint Answer % Correct
507,627 France
100%
343,716 Germany
100%
204,756 Mexico
96%
733,280 UK
96%
22,057,860 USA
96%
511,234 China
91%
294,934 Japan
87%
307,123 Australia
83%
200,094 India
83%
204,741 South Korea
65%
No matching quizzes found
Score Distribution
Percent of People with Each Score
Percentile by Number Answered
Your Score History
You have not taken this quiz